000 00393nam a2200145Ia 4500
008 211109s9999||||xx |||||||||||||| ||und||
082 _a920
_bWAR-M
100 _aWarriar, P A
245 0 _aMahacharithamaala Vol- 6
260 _bNATIONAL BOOKSTALL
_aKottayam
_c1963
300 _a99p.
630 _xGeneral Stack
650 _aHistory
_vBiography
_xGreat PersonalitiesGeneralia
942 _cBOOK
999 _c91034
_d91034